The 8th habit : from effectiveness to greatness

Bibliographic Details
Main Author: Covey, Stephen R.
Format: Book
Published: London : Simon&Schuster , 2004
Subjects:

MARC

LEADER 00000cam a2200000 7i4500
001 0000020428
005 20071024.0
020 |a 9780743206839 
040 |a INS 
090 0 0 |a BF637.S4   |b C68 2004 
100 1 |a Covey, Stephen R. 
245 1 4 |a The 8th habit :   |b from effectiveness to greatness   |c Stephen R.Covey 
260 |a London :   |b Simon&Schuster ,   |c 2004 
300 |a xvi, 409p. :   |b ill. ;   |c 23cm. 
500 |a Includes index 
650 0 0 |a Satisfaction 
650 0 0 |a Self-actualization (Psychology) 
650 0 0 |a Success 
650 0 0 |a Vocation 
999 |a 0000019241   |b BOOK   |c Open Shelf   |e Default branch